000 00656nam a22002172 4500
001 0000024899
005 20151217145949.0
008 140324s xx 000 0 eng d
020 _a0335246389 :
040 _aKABU
_cKABU
100 1 _aMoyles, Janet.
_@0000153676
245 1 2 _aA-Z of play in childhood /
_cJanet Moyles.
250 _a1st ed.
260 _aNew York :
_bMcGraw-Hill Educ.,
_c2012.
300 _axiv, 175 p.
650 0 _aEarly childhood education
_vHandbooks, manuals, etc.
_@0000185165
650 0 _aPlay.
_@0000000515
852 1 _9p2995 KES
908 _a140324
950 _@1
999 _c4570
_d4570